Local partnerships for better governance

Saved in:
Bibliographic Details
Format: Book
Language:English
Published: Paris OECD 2001
Series:Territorial economy
Subjects:
Tags: Add Tag
No Tags, Be the first to tag this record!

MARC

LEADER 00000nam a2200000 4500
001 c129754
005 20221124105244.7
020 |a 92-64-18588-7 
041 0 |a eng 
044 |a FR 
245 1 0 |a Local partnerships for better governance 
264 1 |a Paris  |b OECD  |c 2001 
300 |a 390 s. 
490 1 |a Territorial economy 
830 0 |a Territorial economy 
610 2 0 |a zamestnanosť 
610 2 0 |a plánovanie 
610 2 0 |a trh práce 
610 2 0 |a rozvoj sociálny 
610 2 0 |a rozvoj regionálny 
610 2 0 |a regióny 
610 2 0 |a populácia 
610 2 0 |a práca 
610 2 0 |a manažment 
610 2 0 |a ekonomika regionálna 
610 2 0 |a príležitosť pracovná 
610 2 0 |a svet 
610 2 0 |a OECD